00530nam a2200181Ia 450000500170000000800410001702000150005808200130007324500360008626000460012230000130016865000140018165000130019570000240020894200060023295200950023899900150033320250115000805.0240331s9999 xx 000 0 und d a817030136X bINDa948 0aIndia "We Tamils" and Sri Lanka aNew DelhibSri Satguru Publicationsc1987 a224 p ., aPolitical aLanguage aPiyasena,B.S. eedt cL 001040708LaWERCLbWERCLcSSCd2024-03-31l0o 948 INDp5567r2024-03-31w2024-03-31yL c3512d3512